Julien Savignac / (Record no. 53550)

MARC details
000 -LEADER
campo de control de longitud fija 00706nam a22002175i 4500
001 - NÚMERO DE CONTROL
campo de control 53550
003 - IDENTIFICADOR DE NÚMERO DE CONTROL
campo de control ES-MaACL
005 - FECHA Y HORA DE LA ÚLTIMA TRANSACCIÓN
campo de control 20230906162803.0
007 - CAMPO FIJO DE DESCRIPCIÓN FÍSICA--INFORMACIÓN GENERAL
campo de control de longitud fija t|
008 - DATOS DE LONGITUD FIJA--INFORMACIÓN GENERAL
campo de control de longitud fija 960628s1863 fr ||||1| fre d
040 ## - FUENTE DE CATALOGACIÓN
Centro catalogador/agencia de origen CAM
Lengua de catalogación spa
Centro/agencia transcriptor CAM
100 1# - ENTRADA PRINCIPAL--NOMBRE DE PERSONA
Nombre de persona Fabre, Ferdinand.
9 (RLIN) 48532
245 10 - MENCIÓN DEL TÍTULO
Título Julien Savignac /
Mención de responsabilidad, etc. par Ferdinand Fabre.
260 ## - PUBLICACIÓN, DISTRIBUCIÓN, ETC.
Lugar de publicación, distribución, etc. Paris :
Nombre del editor, distribuidor, etc. Librairie de L. Hachette et Cie.,
Fecha de publicación, distribución, etc. 1863 (
Fabricante imprimerie de Ch. Lahure)
300 ## - DESCRIPCIÓN FÍSICA
Extensión [2], VI, [1], 244, 6 p. ;
Dimensiones 18 cm.
490 1# - MENCIÓN DE SERIE
Mención de serie Scénes de la vie cléricale ;
Designación de volumen o secuencia 12
505 8# - NOTA DE CONTENIDO CON FORMATO
Nota de contenido con formato Las 6 p. finales corresponden a Les Courbezon
830 0# - PUNTO DE ACCESO ADICIONAL DE SERIE-TÍTULO UNIFORME
Título uniforme Scénes de la vie cléricale ;
Designación de volumen o secuencia 12
9 (RLIN) 230255
852 ## - LOCALIZACIÓN
Ubicación ES-MaACL
Número de control de estantería G-8656
Holdings
Estatus retirado Estado de pérdida Estado de daño No para préstamo Colección Biblioteca de origen Biblioteca actual Ubicación en estantería Fecha de adquisición Fuente de adquisición Total de préstamos Signatura topográfica completa Código de barras Visto por última vez Precio de reemplazo Tipo de ítem Koha
        Libros del s. XIX Biblioteca del Ateneo de Madrid Biblioteca del Ateneo de Madrid Sala Pecera Planta 3 17/01/2008     G-8656 1056271 23/02/2023 23/02/2023 Libro impreso antiguo